=LDR 00000nam 2200000 4500 =001 INLIS000000000026416 =005 20130612124847 =008 ***********************************ind** =035 ##$$0010-061300000026416 =041 ##$$a ind =082 ##$$a F.Rom.K =090 ##$$a F.Rom.K, TRI l =100 ##$$a Trisnoyuwono =245 ##$$a Laki-laki dan mesiu, Trisnoyuwono =260 ##$$a 1994 $b Jakarta =300 ##$$a 128 hlm., ilus., 21 cm =650 ##$$a Cerita Pendek =650 ##$$a Indonesia-Kumpulan =850 ##$$a NBPNMAT